Statistiken für Alle Stadtbusstationen Klagenfurts

Klicken Sie hier um das Quiz zu spielen!

Allgemein

  • Dieses Quiz wurde 6 mal gespielt
  • Das Durchschnittsergebnis liegt bei 38 aus 373

Antwortstatistiken

LinieStation% Korrekt
4 | 6 | 7 | +3 othersHauptbahnhof
100%
1 | 2 | 3 | +9 othersHeiligengeistplatz
67%
4 | AHeuplatz
50%
51.Mai-Gasse
33%
4Ehrentaler Straße
33%
5 | BFeldmarschall-Conrad-Platz
33%
5IKEA
33%
4Sonnengasse
33%
810.Oktober-Straße
17%
4 | AAnnabichl
17%
1 | 4 | 5 | +4 othersBenediktinerplatz
17%
3Bezirksgericht
17%
3Blumengasse
17%
8Bürgerheim
17%
2CineCity
17%
1 | 4 | 8 | CDomplatz
17%
3Emmersdorf
17%
3Felberweg
17%
3Felsenschmiedgasse
17%
5 | BFernheizkraftwerk
17%
1 | 7Fischl
17%
7Fischl West/Ebenthal
17%
4Flughafen
17%
3Flurweg
17%
CGinzkeygasse
17%
5 | BGlanbrücke
17%
5 | BHasnerschule
17%
6 | 8 | 9Hirschenwirtstraße
17%
9HTL Lastenstraße
17%
3Kalvarienberg
17%
1 | 4 | 5 | +3 othersKarfreitstraße
17%
8Kehrbach
17%
6 | 9Kinoplatz
17%
9 | 20Klagenfurt Lend
17%
3Koglstraße
17%
3Kometterweg
17%
5Krastowitzerstraße
17%
5Kriemhildgasse
17%
8Krottendorf
17%
20Krumpendorf
17%
3 | 5Kudlichgasse
17%
3Künstlerhaus
17%
1 | 4 | ALandesregierung
17%
3Lendorf Kaserne
17%
3Lendorf Ort
17%
ALiberogasse
17%
8 | 9Maximilianstraße
17%
6 | 8 | 9Messe Ost
17%
8Messe West
17%
2 | 9 | 10 | 20Minimundus/Universität
17%
4 | AMorogasse
17%
6 | 9Mössingerstraße
17%
3Pappelweg
17%
5Perlengasse
17%
5Pokeritsch
17%
3Römerweg
17%
3Schleppe
17%
8Schmelzhütte
17%
3Schönfeld
17%
4Schönhofsiedlung
17%
3Seltenheim
17%
3Seltenheimer Straße
17%
5Semmelweißgasse
17%
8Siebenbürgengasse
17%
BStadion
17%
5 | 6 | BStadion/Zaungasse
17%
4 | AStadtwerke
17%
8Stein
17%
3 | 5Steingasse
17%
3St.Hemma
17%
5St.Jakob
17%
2 | 3 | 9St.Peter
17%
20 | CStrandbad
17%
5 | BSt.Theresia
17%
6 | 8Südring
17%
4Thomas-Schmid-Gasse
17%
6 | 8 | CUniversität
17%
8Viktringer Platz
17%
BViktring Schule
17%
4Walddorf
17%
3Waltendorfer Straße
17%
BWelzenegg
17%
4 | A | CWirtschaftskammer
17%
3Wölfnitz Ort
17%
3Wölfnitz Schule
17%
3Zentrumweg
17%
BAbt-Mulz-Gasse
0%
2Aich Gutendorf
0%
1AMS
0%
2Anderluhstraße
0%
4Annabichl Friedhof
0%
2 | 9 | 20Anzengruberstraße
0%
7Auenweg
0%
BAugust-Jaksch-Straße
0%
20Bachmanngymnasium
0%
20Bad Kropfitsch
0%
5 | 9 | BBaumbachplatz
0%
4Berthold-Schwarz-Straße
0%
BChristuskirche
0%
4Daungasse
0%
7Ebenthal Gemeindeamt
0%
7Ebenthal Gewerbezone
0%
7Ebenthal Schlosswirt
0%
AEbenweg
0%
AEhrenhausener Straße
0%
2 | 3 | 7 | 9Elisabethinenkirche
0%
1Enzenbergstraße
0%
AErich-Opitz-Weg
0%
2Ernst-Diez-Straße
0%
1Europagymnasium
0%
CEuropapark
0%
AFeschnigstraße
0%
AFH Kärnten
0%
1Fischlstraße
0%
7Flurgasse
0%
6Frodlgasse
0%
6 | 9Gabelsbergerstraße
0%
6Ganghofergasse
0%
8Gendarmeriestraße
0%
9 | 20Georg-Kropp-Straße
0%
9 | BGoethestraße
0%
BGörzer Allee
0%
BGrabengasse
0%
6Griesgasse
0%
7Gurnitz Mehrzweckhaus
0%
5Hanuschstraße
0%
1 | 9Harbach Diakonie
0%
9Harbacher Straße
0%
7 | 9Hasnerstraße
0%
5 | 9 | BHauptmann-Hermann-Platz
0%
9 | 20Heinzelgasse
0%
10Heinzelsteg
0%
8Höhenweg
0%
2 | 7Hörtendorf
0%
20Hotel Wörthersee
0%
5 | 6Hubertusstraße
0%
1Hummelgasse
0%
7Industriegelände
0%
BIrnigsiedlung
0%
4Jägerweg
0%
5 | 10Jergitschsteg
0%
CJergitschsteig
0%
9 | 20Johann-Ure-Weg
0%
BJosef-Mussger-Gasse
0%
CJugendgästehaus
0%
3 | 7Kardinalplatz
0%
5 | BKardnialplatz
0%
2Kardninalplatz
0%
2 | 3Kika
0%
6 | 9Klagenfurt Süd
0%
2 | CKlagenfurt West
0%
4 | AKlinikum Klagenfurt
0%
2Kohldorfer Straße
0%
20Koschatstraße/Stifterstraße
0%
5 | BKraßniggstraße
0%
1Kreuzbergl
0%
8Krottendorfer Straße
0%
3Krumplgasse
0%
6 | 8 | CLakesidepark
0%
20Landespolizeikommando
0%
ALandesprüfstelle
0%
20Lannerweg
0%
20Leinsdorf
0%
5 | 10 | CLendhafen
0%
1 | 2Lerchenfeldstraße
0%
2Limmersdorf
0%
5Lindengasse
0%
BLisztgasse
0%
9Lisztstraße
0%
6Lodengasse
0%
BLorenz-Kheppiz-Gasse
0%
CLuegerstraße
0%
AManschehofstraße
0%
2 | 7Maria-Tusch-Straße
0%
2 | 9 | 10 | +2 othersMinimundus
0%
6Mozartstraße
0%
10Neckheimgasse
0%
2 | 3 | 5 | +2 othersNeuer Platz
0%
9 | BNeugasse
0%
2 | 7Niederdorf
0%
7Niederdorf Bildstock
0%
7Niederdorf Gurkerbrücke
0%
7Niederdorf Wachtelweg
0%
5 | 9Obirstraße
0%
1Ostbahnhof
0%
5 | 6Pädagogische Hochschule
0%
7Pfaffendorf
0%
APicassogasse
0%
7Rain bei Ebenthal
0%
2 | 3 | 9Ramsauerstraße
0%
4Randgasse
0%
4Rebhuhnweg
0%
1 | 7Reichenbergerstraße
0%
7Reichersdorf
0%
7Rennerschule
0%
BRichard-Wagner-Straße
0%
BRilkestraße
0%
5 | 10 | CRizzibrücke
0%
2 | 20Rizzistraße
0%
1Roseneggerstraße
0%
2 | 7Rosenweg
0%
ARotes Kreuz
0%
6Rudolf-Kattnig-Straße
0%
3Schaschlweg
0%
BSchaumgasse
0%
10 | 20 | CSchiffsanlegestelle
0%
BSchleusenweg
0%
4Schloßwirt
0%
20Schrottenburg
0%
2Schülerweg
0%
6 | 9Schulzentrum
0%
4Spitalbergweg
0%
10Standbad
0%
5 | 9 | 10 | CSteinerne Brücke
0%
1 | 2Sterneckstraße
0%
4St.Georgen am Sandhof
0%
2Stifterstraße
0%
2St.Jakob an der Straße
0%
2St.Martin
0%
1St.Peter-Straße
0%
7St.Peter Straße
0%
ASüdpark Ost
0%
ASüdpark West
0%
8Süduferstraße/GH Rösch
0%
ASuppanstraße
0%
8Sylvesterweg
0%
BTarentinerweg
0%
4Terndorf
0%
4Tessendorf
0%
4Tessendorfer Straße
0%
ATurmgasse
0%
BUnfallkrankenhaus
0%
6Universitätsstraße
0%
5 | 9 | BUrbaneum
0%
AUteweg
0%
7Volksschule Gurnitz
0%
1Volksschule Kreuzbergl
0%
BVolksschule Welzenegg
0%
8Weidmannhasse
0%
BWelzenegger Straße
0%
2 | 3 | 7 | 9Windischkaserne
0%
3Wölfnitz Bundestraße
0%
3Wurzelgasse
0%
7Zell bei Ebenthal
0%
2Ziegeleistraße
0%

Verteilung der Resultate

Perzentil nach korrekt beantworteten Fragen

Anzahl Personen mit jedem Resultat

Ihre Resultats-Entwicklung

Sie haben dieses Quiz noch nicht gespielt